Statistics for NBA MVPs Quiz

Click here to take the quiz!

General Stats

  • This quiz has been taken 448,272 times
    (100,662 since last reset)
  • The average score is 23 of 34

Answer Stats

YearsMVP% Correct
2009, 2010, 2012, 2013Lebron James
99%
1988, 1991, 1992, 1996, 1998Michael Jordan
97%
2015, 2016Stephen Curry
97%
2008Kobe Bryant
95%
2018James Harden
93%
2019, 2020Giannis Antetokounmpo
91%
2014Kevin Durant
90%
2000Shaquille O'Neal
90%
2017Russell Westbrook
90%
1987, 1989, 1990Magic Johnson
83%
1984, 1985, 1986Larry Bird
83%
1960, 1966, 1967, 1968Wilt Chamberlain
79%
1971, 1972, 1974, 1976, 1977, 1980Kareem Abdul-Jabbar
78%
2002, 2003Tim Duncan
77%
1958, 1961, 1962, 1963, 1965Bill Russell
76%
2005, 2006Steve Nash
74%
2011Derrick Rose
73%
2007Dirk Nowitzki
73%
1994Hakeem Olajuwon
68%
2001Allen Iverson
68%
1997, 1999Karl Malone
67%
1979, 1982, 1983Moses Malone
65%
2004Kevin Garnett
57%
1993Charles Barkley
56%
1995David Robinson
51%
1981Julius Erving
49%
1964Oscar Robertson
43%
1957Bob Cousy
39%
1956, 1959Bob Pettit
36%
1978Bill Walton
29%
1969Wes Unseld
25%
1975Bob McAdoo
22%
1970Willis Reed
22%
1973Dave Cowens
19%

Score Distribution

Percentile by Number Answered

Percent of People with Each Score

Your Score History

You have not taken this quiz since the last reset